|
|
|
|
| LEADER |
00000cam a2200000 7i4500 |
| 001 |
0000026903 |
| 005 |
20090804.0 |
| 008 |
090804 |
| 020 |
|
|
|a 9830998002
|
| 090 |
0 |
0 |
|a 909.097671
|b FAD
|
| 100 |
0 |
|
|a Fadzlullah Hj. Shuib
|
| 245 |
1 |
0 |
|a Pemikiran dan tamadun Islam
|c Fadzlullah Hj. Shuib
|
| 260 |
|
|
|a Kuala Lumpur :
|b Al-Hidayah Publishers ,
|c 2007
|
| 650 |
|
0 |
|a Civilization, Islamic
|
| 650 |
|
0 |
|a Islam and state
|
| 700 |
1 |
|
|a Dr. Mohd. Puzhi Usop
|
| 999 |
|
|
|a 0001058576
|b Book
|c Adult Collection
|e Perbadanan Perpustakaan Awam Johor
|
| 999 |
|
|
|a 0001058577
|b Book
|c Adult Collection
|e Perbadanan Perpustakaan Awam Johor
|
| 999 |
|
|
|a 0001058578
|b Book
|c Adult Collection
|e Perbadanan Perpustakaan Awam Johor
|